Ten Most Watched British TV Channels - Statistics

General Stats
  • This quiz has been taken 101 times
  • The average score is 7 of 10
Answer Stats
Viewers TV Channel % Correct
57.2 BBC 1
95%
52.7 BBC 2
94%
53.3 ITV
93%
54.1 Channel 4
91%
51 Channel 5
84%
43.6 ITV 2
80%
31.4 BBC 4
67%
33.1 Dave
48%
31.8 E4
44%
33 More 4
20%
No matching quizzes found
Score Distribution
Percent of People with Each Score
Percentile by Number Answered
Your Score History
You have not taken this quiz